000 00877nam a2200277 a 4500
001 BRL_1444
005 20190320211217.0
008 150114s1994----fr-o######---#000-0#fre-#
020 _a287811082X
041 _afre
044 _afr
050 4 _aF1219.3.M4
_b.L4 1994
100 1 _aLechuga, Ruth D.
_d1920-2004
_92443
245 1 0 _aMasques Traditionnels du Mexique
_cRuth D. Lechuga et Chloë Sayer ; Photographies David Lavender ; traduit de l´anglais par Sophie Léchauguette.
260 _aParis
_bThames & Hudson
_c1994
300 _a96 p.
_bil. a color
_c27 cm.
500 _aAu2200
504 _aBibliografía: p. 96
650 1 4 _aMáscaras
_zMéxico
_94284
650 1 4 _aCarnaval
_zMéxico
_926940
700 1 _aSayer, Choë
_926941
700 1 _aLavender, David
_eil.
_926942
700 1 _aLéchauguette, Sophie
_etr.
_926943
902 _aGRL
942 _2lcc
_cB
999 _c10254
_d10254